00935nam a2200241Ia 4500003000400000005001700004008004100021040002100062041001300083082002400096100003000120245008700150250001800237260003900255300002800294490006400322500009300386505011700479546002800596650002700624650001100651700003100662OSt20210802152925.0210310s1979 ag ad fr 000 0dspa d aCO-JMCRcCO-JMCR1 aspaheng04a332.41 /bF911m2231 aFriedman, Milton, eautor10aMoneda y desarrollo económico / cMilton Friedman ; traducción de Mario Marino a2a. edición aBuenos Aires : bEl Ateneo, c1979 a81 páginas ; c20 cm.0 aColección biblioteca de ciencias económicas. Economía aIncluye datos biográficos del autor. Título original: Money and Economic Development0 aReseña de las comprobaciones sobre monetarismo -- Política monetaria en los países en vías de desarrollo aTraducido del inglés.14aDesarrollo económico24aMoneda1 aMarino, Mario, etraductor